El segundo Isaías: el profeta del nuevo éxodo

Uloženo v:
Podrobná bibliografie
Hlavní autor: Wiéner, Claude (Autor)
Médium: Kniha
Jazyk:španělština
Vydáno: Pamplona Verbo Divino 1978
Edice:Cuadernos Bíblicos, 20
Témata:
Tagy: Přidat tag
Žádné tagy, Buďte první, kdo vytvoří štítek k tomuto záznamu!

MARC

LEADER 00000nam a2200000 a 4500
001 UCL7925
003 CL-VaPUC
008 040604e19780000SP |||||||||||||||||spa|d
020 |a 8471512289 
082 0 4 |a 224.1  |b WIE  |2 21 
100 0 |a Wiéner, Claude  |e author  |9 485882 
245 1 3 |a El segundo Isaías: el profeta del nuevo éxodo 
300 |a 62 p 
942 |c BK 
945 |d 20040604 00:00:00  |a cmena 
260 |a Pamplona  |b Verbo Divino  |c 1978 
600 0 |a Isaías   |9 432157 
650 0 |a Biblia  |9 257603 
650 0 |a Antiguo testamento   |9 313678 
650 0 |a Textos sagrados   |9 257605 
650 0 |a Profetas  |9 314377 
583 |a last modification  |c 20130402 08:46:50  |k Rodrigo Vera 
490 0 |a Cuadernos Bíblicos, 20 
999 |c 309475  |d 309473 
952 |0 0  |1 0  |4 0  |6 224_100000000000000_WIE_1978  |7 0  |8 A  |9 376929  |a BIBTEO  |b BIBTEO  |d 2019-11-21  |i 2117436  |o 224.1 WIE 1978  |p 2117436  |r 2025-01-17  |w 2019-11-21  |y BK  |k ICR